[Event "2015: The Year Of Dogecoin"]
[Site "SchemingMind.com"]
[Date "2014.11.02"]
[Round "-"]
[White "John Hamer"]
[Black "smothered mate"]
[Result "1-0"]
[WhiteCountry "ENG"]
[BlackCountry "POL"]
[WhiteElo "2062"]
[WhiteRD "57"]
[BlackElo "1962"]
[BlackRD "66"]
[GameID "367887"]

1. d4 Nf6 2. Nf3 c5 3. d5 g6 4. c4 b5 5. Qc2 Bg7 6. e4 d6 7. cxb5 a6 8. a4 O-O 9. Nc3 axb5 10. Bxb5 Na6
11. O-O Nb4 12. Qe2 Nd7 13. Bf4 Qa5 14. Rac1 Nb6 15. Rfd1 Bg4 16. h3 Bxf3 17. Qxf3 Rfb8 18. Bg5 Ra7 19. b3 h6 20. Bd2 Nd7
21. Bf4 Ne5 22. Qg3 g5 23. Be3 Ng6 24. Bxc5 Be5 25. Bxb4 Qxb4 26. Qe3 Rc7 27. Na2 Qa5 28. b4 Rxc1 29. Rxc1 Qd8 30. Qf3 Nf4
31. Rc2 Rc8 32. Bc6 Qb6 33. g3 Ng6 34. a5 Qd4 35. Qg4 Rc7 36. b5 Bxg3 37. b6 Ne5 38. bxc7 Nxg4 39. c8=Q+
1-0

[Event "2015: The Year Of Dogecoin"]
[Site "SchemingMind.com"]
[Date "2014.11.20"]
[Round "-"]
[White "eun77"]
[Black "smothered mate"]
[Result "0-1"]
[WhiteCountry "ISR"]
[BlackCountry "POL"]
[WhiteElo "1293"]
[WhiteRD "54"]
[BlackElo "1887"]
[BlackRD "63"]
[GameID "369029"]

1. d4 d5 2. e3 c5 3. Bb5+ Bd7 4. Bxd7+ Nxd7 5. dxc5 Nxc5 6. Nf3 e6 7. O-O Nf6 8. b3 Bd6 9. Ba3 O-O 10. Bxc5 Bxc5
11. c3 Rc8 12. b4 Be7 13. Nfd2 Ne4 14. Nxe4 dxe4 15. Qxd8 Rfxd8 16. Na3 Rxc3 17. Nb1 Rc2 18. Na3 Re2 19. Rfe1 Rdd2 20. Rxe2 Rxe2
21. Kf1 Rb2
0-1

[Event "2015: The Year Of Dogecoin"]
[Site "SchemingMind.com"]
[Date "2014.11.15"]
[Round "-"]
[White "eun77"]
[Black "John Hamer"]
[Result "0-1"]
[WhiteCountry "ISR"]
[BlackCountry "ENG"]
[WhiteElo "1461"]
[WhiteRD "71"]
[BlackElo "2062"]
[BlackRD "57"]
[GameID "369030"]

1. c4 Nf6 2. d3 g6 3. e4 d6 4. h3 Nc6 5. Nf3 Bg7 6. Be2 O-O 7. O-O e5 8. Nh2 Be6 9. Bg4 Nxg4 10. Nxg4 Nd4
11. Nh2 Qd7 12. Nf3 f5 13. Nxd4 exd4 14. Nd2 Qc6 15. Nf3 fxe4 16. dxe4 Bxc4 17. b3 Bxf1 18. Kxf1 Qxe4 19. Nd2 Qd3+ 20. Kg1 Rae8
21. Ba3 Qa6 22. Bb2 Re2 23. f3 d5 24. Rb1 Rfe8 25. a4 Qd3 26. Ne4 dxe4 27. Qxd3 exd3 28. Rd1 Re1+ 29. Rxe1 Rxe1+ 30. Kh2 Be5+
31. g3 Re2+ 32. Kg1 d2
0-1

[Event "2015: The Year Of Dogecoin"]
[Site "SchemingMind.com"]
[Date "2014.11.26"]
[Round "-"]
[White "Scooter"]
[Black "smothered mate"]
[Result "0-1"]
[WhiteCountry "USA"]
[BlackCountry "POL"]
[WhiteElo "1759"]
[WhiteRD "48"]
[BlackElo "2001"]
[BlackRD "72"]
[GameID "369420"]

1. d4 d5 2. Nf3 c5 3. c3 e6 4. Bf4 Nc6 5. e3 Nf6 6. Bb5 Be7 7. Ne5 O-O 8. Bxc6 bxc6 9. Nxc6 Qe8 10. Nxe7+ Qxe7
11. Bg5 Ba6 12. Qf3 Qb7 13. b3 Ne4 14. Bf4 Qb5 15. dxc5 Qd3 16. Qd1 Qxd1+
0-1

[Event "2015: The Year Of Dogecoin"]
[Site "SchemingMind.com"]
[Date "2014.11.25"]
[Round "-"]
[White "eun77"]
[Black "Scooter"]
[Result "0-1"]
[WhiteCountry "ISR"]
[BlackCountry "USA"]
[WhiteElo "1409"]
[WhiteRD "60"]
[BlackElo "1731"]
[BlackRD "44"]
[GameID "369421"]

1. e4 c6 2. d3 d5 3. h3 dxe4 4. dxe4 Qxd1+ 5. Kxd1 Nf6 6. f3 g6 7. Bd3 Bg7 8. Ne2 O-O 9. Nbc3 Nbd7 10. Bd2 e5
11. b3 Rd8 12. Kc1 Nc5 13. Rd1 Nxd3+ 14. cxd3 Rxd3 15. Be1 Rxd1+ 16. Kxd1 Be6 17. Kc2 Rd8 18. Rd1 Rxd1 19. Kxd1 Bf8 20. g4 Bb4
21. Kc2 h5 22. Kb2 Ne8 23. a3 Ba5 24. b4 Bb6 25. Na4 Bc7 26. Nc5 Bc4 27. Ng1 b6 28. Nb3 Bxb3 29. Kxb3 Nd6 30. Bg3 Nb5
31. a4 Nd4+ 32. Kc3 Kf8 33. Bf2 c5 34. bxc5 bxc5 35. Bxd4 cxd4+ 36. Kd3 Ke7 37. Ne2 Kf6 38. gxh5 gxh5 39. Ng1 Kg5 40. Kc4 Kf4
41. Kd3 Kg3 42. Ke2 Kg2 43. f4 Kxg1
0-1

[Event "2015: The Year Of Dogecoin"]
[Site "SchemingMind.com"]
[Date "2014.11.24"]
[Round "-"]
[White "John Hamer"]
[Black "Scooter"]
[Result "1-0"]
[WhiteCountry "ENG"]
[BlackCountry "USA"]
[WhiteElo "2033"]
[WhiteRD "59"]
[BlackElo "1759"]
[BlackRD "48"]
[GameID "369422"]

1. b4 Nf6 2. Bb2 g6 3. Nf3 Bg7 4. d4 O-O 5. Nbd2 d6 6. e3 Bg4 7. Be2 Nbd7 8. O-O Re8 9. c4 c6 10. Ng5 Bxe2
11. Qxe2 e5 12. Nge4 Nxe4 13. Nxe4 exd4 14. Nxd6 d3 15. Qd2 Bxb2 16. Qxb2 Re5 17. Rad1 Qc7 18. Rxd3 Re6 19. c5 b6 20. Qd4 bxc5
21. bxc5 Rd8 22. Nc4 Re7 23. Rfd1 f6 24. Nd6 Ne5 25. Rc3 Nf7 26. Qxf6 Rf8 27. Qh4 Qa5 28. Qxe7 Qxc3 29. Ne4 Qc2 30. Nf6+ Kg7
31. Rf1 Qf5 32. Ne8+ Kg8 33. e4 Qc8 34. Nf6+ Kg7 35. e5 Qd8 36. Qxa7 Kh8 37. a4 Qb8 38. Qe7 Qd8 39. Qb7 Qb8 40. Qxc6 Nxe5
41. Qe6 Qc7 42. Nd5 Qg7 43. c6
1-0

[Event "2015: The Year Of Dogecoin"]
[Site "SchemingMind.com"]
[Date "2014.12.01"]
[Round "-"]
[White "Stephen Woodhouse"]
[Black "Scooter"]
[Result "1-0"]
[WhiteCountry "ENG"]
[BlackCountry "USA"]
[WhiteElo "1856"]
[WhiteRD "50"]
[BlackElo "1759"]
[BlackRD "48"]
[GameID "369743"]

1. e4 c6 2. d4 d5 3. exd5 cxd5 4. c4 dxc4 5. Bxc4 Nf6 6. Nc3 Nbd7 7. Nf3 e6 8. O-O Be7 9. Re1 O-O 10. Bg5 a6
11. Qe2 b5 12. Bd3 h6 13. Bh4 Bb7 14. Rad1 Nd5 15. Qe4 g6 16. Bxe7 Qxe7 17. Nxd5
1-0

[Event "2015: The Year Of Dogecoin"]
[Site "SchemingMind.com"]
[Date "2014.11.29"]
[Round "-"]
[White "Stephen Woodhouse"]
[Black "John Hamer"]
[Result "1/2-1/2"]
[WhiteCountry "ENG"]
[BlackCountry "ENG"]
[WhiteElo "1856"]
[WhiteRD "50"]
[BlackElo "2033"]
[BlackRD "59"]
[GameID "369744"]

1. e4 e5 2. Nf3 Nf6 3. Nxe5 d6 4. Nf3 Nxe4 5. d4 d5 6. Bd3 Nc6 7. O-O Be7 8. Re1 Bg4 9. c4 Nf6 10. cxd5 Nxd5
11. Nc3 O-O 12. h3 Be6 13. a3 Bf6 14. Ne4 Bf5 15. Nxf6+ Qxf6 16. Ne5 Nce7 17. Be3 Rad8 18. Rc1 Qb6 19. b4 Qd6 20. Bxf5 Nxf5
21. Qf3 Qf6 22. Rc5=
1/2-1/2

[Event "2015: The Year Of Dogecoin"]
[Site "SchemingMind.com"]
[Date "2014.11.30"]
[Round "-"]
[White "smothered mate"]
[Black "Stephen Woodhouse"]
[Result "0-1"]
[WhiteCountry "POL"]
[BlackCountry "ENG"]
[WhiteElo "1962"]
[WhiteRD "66"]
[BlackElo "1891"]
[BlackRD "50"]
[GameID "369745"]

1. e4 e6 2. b3 d5 3. Bb2 dxe4 4. Nc3 Nf6 5. Qe2 Be7 6. Nxe4 O-O 7. O-O-O Nbd7 8. d3 c5 9. g4 Qa5 10. Kb1 Nxe4
11. dxe4 Bf6 12. e5 Be7 13. h4 b5 14. Qe4 Rb8 15. Bd3 g6 16. Rh3 Bb7 17. Qf4 Bd5 18. h5 g5 19. Qc1 h6 20. f4 c4
21. Be2 Rfc8 22. Qe3 gxf4 23. Qxf4 Bg5 24. Qg3 Nc5 25. Rxd5 Ne4 26. Rxb5 Rxb5 27. Qg2 Nd2+ 28. Ka1 Nxb3+
0-1

[Event "2015: The Year Of Dogecoin"]
[Site "SchemingMind.com"]
[Date "2014.12.03"]
[Round "-"]
[White "Stephen Woodhouse"]
[Black "eun77"]
[Result "1-0"]
[WhiteCountry "ENG"]
[BlackCountry "ISR"]
[WhiteElo "1891"]
[WhiteRD "50"]
[BlackElo "1461"]
[BlackRD "71"]
[GameID "369746"]

1. e4 e5 2. Nf3 d6 3. d4 Be7 4. Nc3 h6 5. dxe5 dxe5 6. Qxd8+ Bxd8 7. Nxe5 c6 8. Bc4 Be6 9. Bxe6 fxe6 10. Ng6 Ne7
11. Nxh8 Kf8 12. Bf4 Kg8 13. O-O-O Bb6 14. Bd6 Kxh8 15. Bxe7 Na6 16. Rd7 Nc5 17. Bxc5 Bxc5 18. Rhd1 Rf8 19. f3 Be3+ 20. Kb1 b5
21. Rb7 e5 22. Rdd7 Rg8 23. Ne2 a5 24. Ng3 Ra8 25. Nf5 Bc5 26. Rxg7 Rd8 27. Rh7+ Kg8 28. Rbg7+
1-0

[Event "2015: The Year Of Dogecoin"]
[Site "SchemingMind.com"]
[Date "2014.11.30"]
[Round "-"]
[White "bobbassbone"]
[Black "John Hamer"]
[Result "1/2-1/2"]
[WhiteCountry "ENG"]
[BlackCountry "ENG"]
[WhiteElo "1566"]
[WhiteRD "55"]
[BlackElo "2033"]
[BlackRD "59"]
[GameID "369803"]

1. d4 e6 2. Bf4 Nf6 3. e3 d5 4. c3 Bd6 5. Bg3 c5 6. Nd2 O-O 7. Bd3 Qc7 8. Ngf3 Nbd7 9. Qc2 h6 10. e4 dxe4
11. Nxe4 Nxe4 12. Bxe4 cxd4 13. Nxd4 Bxg3 14. hxg3 e5=
1/2-1/2

[Event "2015: The Year Of Dogecoin"]
[Site "SchemingMind.com"]
[Date "2014.12.01"]
[Round "-"]
[White "smothered mate"]
[Black "bobbassbone"]
[Result "0-1"]
[WhiteCountry "POL"]
[BlackCountry "ENG"]
[WhiteElo "1887"]
[WhiteRD "63"]
[BlackElo "1598"]
[BlackRD "64"]
[GameID "369804"]

1. e4 c6 2. d4 d5 3. Nc3 dxe4 4. Nxe4 Bf5 5. Bd3 e6 6. Be3 h6 7. Nf3 Nf6 8. Nxf6+ Qxf6 9. Ne5 Nd7 10. Nxd7 Kxd7
11. Be2 Bd6 12. c4 Bb4+ 13. Bd2 Bxd2+ 14. Qxd2 Kc7 15. Qf4+ Kd7 16. O-O-O Rad8 17. d5 exd5 18. cxd5 Kc8 19. Bg4 Bxg4 20. Qxg4+ Kb8
21. Qg3+ Ka8 22. d6 Rd7 23. Rd3 Re8 24. Rhd1 Re2 25. R1d2 Rxd2 26. Rxd2 Kb8 27. Kc2 Kc8 28. h3 b6 29. Qa3 Kb7 30. Qd3 Kc8=
31. a4 Kb7= 32. a5 Qe6 33. axb6 axb6 34. Qa3 Qe4+ 35. Kc1 Qe1+ 36. Kc2 Qe4+ 37. Rd3 Qxg2 38. Rf3 Qg6+ 39. Kc1 Qxd6 40. Qxd6 Rxd6
41. Rxf7+ Ka6 42. Rxg7 Rf6 43. Rg2 Rf3 44. Rh2 h5 45. Kd1 Kb5 46. Ke2 Rb3 47. Kf1 Rxb2 48. h4 c5 49. Rh3 c4 50. Rf3 Kb4
51. Rf5 c3 52. Rf4+ Kb3 53. Rf6 c2 54. Rxb6+ Ka2
0-1

[Event "2015: The Year Of Dogecoin"]
[Site "SchemingMind.com"]
[Date "2014.12.01"]
[Round "-"]
[White "Scooter"]
[Black "bobbassbone"]
[Result "1/2-1/2"]
[WhiteCountry "USA"]
[BlackCountry "ENG"]
[WhiteElo "1778"]
[WhiteRD "45"]
[BlackElo "1534"]
[BlackRD "56"]
[GameID "369805"]

1. d4 c6 2. Bf4 d5 3. Nf3 Nf6 4. e3 Bg4 5. Be2 e6 6. O-O Nbd7 7. h3 Bxf3 8. Bxf3 c5 9. c3 cxd4 10. cxd4 Nb6
11. Nd2 Bd6 12. Bxd6 Qxd6 13. a3 O-O 14. Rc1 Rac8 15. b4 Rc7 16. Rxc7 Qxc7 17. Qc1 Rc8 18. Nb3 Qxc1 19. Rxc1 Rxc1+ 20. Nxc1 Nc4
21. a4 b6 22. Bd1 Ne4 23. Na2 Nb2 24. Bc2 Nd6 25. Bb3 Ndc4 26. Nc3 Kf8 27. Bxc4 dxc4 28. Kf1 Nd3 29. b5 Ke7 30. Ke2 Nc1+
31. Kf3 Nd3 32. e4 f6 33. Ke3 Kd6 34. f3 e5 35. g3 Ne1 36. dxe5+ Kxe5 37. f4+ Kd6 38. Kd4 Nf3+ 39. Kxc4 h5 40. g4 h4
41. Ne2 g6 42. Kb4 Nd2 43. Nc3 Nf3 44. Nd5 f5 45. gxf5 gxf5 46. Nf6 fxe4 47. Nxe4+ Kd5 48. Ng5 Nd2 49. Nf7 Nf3 50. f5 Ng1
51. f6 Ke6 52. Nh6 Kxf6 53. Kc4 Nxh3 54. Ng4+ Ke6 55. Nh2 Nf4 56. Kd4 Kd6 57. Nf3 h3 58. Ke3 Nd5+ 59. Kd4 Nc7 60. Nh2 a6
61. bxa6 Nxa6 62. Kc4 Kc6 63. Ng4 Nc5 64. Kb4 Ne6 65. Ne5+ Kb7 66. Ng4 Ng5 67. a5 bxa5+ 68. Kxa5 Kc6 69. Kb4 Kd5 70. Kc3 Ke4
71. Nf2+=
1/2-1/2

[Event "2015: The Year Of Dogecoin"]
[Site "SchemingMind.com"]
[Date "2014.12.03"]
[Round "-"]
[White "bobbassbone"]
[Black "eun77"]
[Result "1-0"]
[WhiteCountry "ENG"]
[BlackCountry "ISR"]
[WhiteElo "1598"]
[WhiteRD "64"]
[BlackElo "1293"]
[BlackRD "54"]
[GameID "369806"]

1. d4 d5 2. Bf4 e6 3. e3 h6 4. c3 Bd6 5. Bg3 Nf6 6. Nd2 O-O 7. Ngf3 Bxg3 8. hxg3 Nh7 9. Bd3 f5 10. Ne5 Qe8
11. g4 Nd7 12. Ndf3 Nxe5 13. Nxe5 Ng5 14. gxf5 exf5 15. Qb3 c6 16. O-O-O Ne4 17. Rdf1 Nf6 18. Qc2 Nd7 19. Bxf5 Nf6 20. Bg6 Qe7
21. Rh2 Ne4 22. Bxe4 Rf6 23. Bh7+ Kf8 24. Bd3 Ke8 25. Qa4 Qc7 26. Rh5 Be6 27. Qc2
1-0

[Event "2015: The Year Of Dogecoin"]
[Site "SchemingMind.com"]
[Date "2014.11.30"]
[Round "-"]
[White "bobbassbone"]
[Black "Stephen Woodhouse"]
[Result "0-1"]
[WhiteCountry "ENG"]
[BlackCountry "ENG"]
[WhiteElo "1566"]
[WhiteRD "55"]
[BlackElo "1856"]
[BlackRD "50"]
[GameID "369807"]

1. d4 e6 2. Bf4 d5 3. e3 f5 4. Nd2 Nf6 5. h3 Bd6 6. Bxd6 Qxd6 7. c3 b6 8. Ngf3 O-O 9. Ne5 Ba6 10. Bxa6 Nxa6
11. Ndf3 c5 12. g4 cxd4 13. Qxd4 Qc5 14. gxf5 Qxd4 15. exd4 exf5 16. O-O-O b5 17. Rhe1 b4 18. cxb4 Nxb4 19. a3 Rac8+ 20. Kb1 Nc6
21. Rc1 Nxe5 22. Nxe5 Ne4 23. Nd3 Ng5 24. h4 Nf3 25. Rxc8 Rxc8 26. Re7 Nxh4 27. Rxa7 Nf3 28. Rd7 h5 29. Rxd5 g6 30. Nf4 Kg7
31. b4 h4 32. a4 g5 33. Nh3 g4 34. Rxf5 Nd2+ 35. Kb2 gxh3 36. Rh5 Nf3
0-1

[Event "2015: The Year Of Dogecoin"]
[Site "SchemingMind.com"]
[Date "2014.12.13"]
[Round "-"]
[White "pcmvr"]
[Black "eun77"]
[Result "1-0"]
[WhiteCountry "NED"]
[BlackCountry "ISR"]
[WhiteElo "2462"]
[WhiteRD "121"]
[BlackElo "1293"]
[BlackRD "54"]
[GameID "371250"]

1. b4 b5 2. Bb2 c6 3. a4 bxa4 4. c3 e5 5. Qxa4 Qc7 6. Nf3 Nf6 7. e3 Be7 8. c4 O-O 9. Bxe5 Qd8 10. d4 Ne8
11. Be2 Bf6 12. Nc3 Bxe5 13. Nxe5 a6 14. c5 Nc7 15. O-O Ne8 16. Nc4 d5 17. Nb6 Ra7 18. b5
1-0

[Event "2015: The Year Of Dogecoin"]
[Site "SchemingMind.com"]
[Date "2014.12.16"]
[Round "-"]
[White "pcmvr"]
[Black "smothered mate"]
[Result "1-0"]
[WhiteCountry "NED"]
[BlackCountry "POL"]
[WhiteElo "2462"]
[WhiteRD "121"]
[BlackElo "1887"]
[BlackRD "63"]
[GameID "371251"]

1. b4 d5 2. Bb2 e6 3. Nf3 Nf6 4. a3 Be7 5. e3 c5 6. bxc5 Bxc5 7. c4 O-O 8. d4 Be7 9. Nbd2 b6 10. cxd5 Nxd5
11. e4 Nf6 12. Bb5 Bb7 13. Qe2 Nc6 14. Rc1 Rc8 15. O-O h6 16. Qd3 Nb8 17. Rxc8 Qxc8 18. Rc1 Qd8 19. h3 Nbd7 20. Qe2 Re8
21. e5 Nd5 22. Qc4 Bf8 23. Qa4 Re7 24. Qxa7 Ba8 25. Qa6 Qb8 26. Rc8
1-0

[Event "2015: The Year Of Dogecoin"]
[Site "SchemingMind.com"]
[Date "2014.12.12"]
[Round "-"]
[White "pcmvr"]
[Black "John Hamer"]
[Result "1-0"]
[WhiteCountry "NED"]
[BlackCountry "ENG"]
[WhiteElo "2400"]
[WhiteRD "167"]
[BlackElo "2062"]
[BlackRD "57"]
[GameID "371253"]

1. b4 Nf6 2. Bb2 d5 3. Nf3 Bf5 4. e3 e6 5. a3 Nbd7 6. Bd3 Bxd3 7. cxd3 c5 8. bxc5 Nxc5 9. Bxf6 Nxd3+ 10. Ke2 Qxf6
11. Qa4+ Kd8 12. Nc3 Nc5 13. Qb5 b6 14. d4 Nd7 15. Rhc1 Rc8 16. Qa4 a5 17. Nb5 Rxc1 18. Rxc1 e5 19. Na7
1-0

[Event "2015: The Year Of Dogecoin"]
[Site "SchemingMind.com"]
[Date "2014.12.12"]
[Round "-"]
[White "bobbassbone"]
[Black "pcmvr"]
[Result "0-1"]
[WhiteCountry "ENG"]
[BlackCountry "NED"]
[WhiteElo "1566"]
[WhiteRD "55"]
[BlackElo "2311"]
[BlackRD "222"]
[GameID "371254"]

1. d4 e6 2. Bf4 d5 3. e3 Nf6 4. h3 Bd6 5. Bxd6 Qxd6 6. c3 O-O 7. Nd2 Nc6 8. Bd3 e5 9. dxe5 Nxe5 10. Bb1 Qb6
11. Qc2 Rd8 12. g4 Ne4 13. Nxe4 dxe4 14. Nf3 Nxf3+ 15. Ke2 Rd2+
0-1

[Event "2015: The Year Of Dogecoin"]
[Site "SchemingMind.com"]
[Date "2014.12.11"]
[Round "-"]
[White "Stephen Woodhouse"]
[Black "pcmvr"]
[Result "0-1"]
[WhiteCountry "ENG"]
[BlackCountry "NED"]
[WhiteElo "1891"]
[WhiteRD "50"]
[BlackElo "2400"]
[BlackRD "167"]
[GameID "371255"]

1. e4 e6 2. d4 d5 3. Nd2 Nf6 4. e5 Nfd7 5. Bd3 c5 6. c3 Nc6 7. Ne2 cxd4 8. cxd4 f6 9. exf6 Nxf6 10. Nf3 Bd6
11. O-O Qc7 12. Bg5 O-O 13. Rc1 Ng4 14. Bh4 Rxf3 15. gxf3 Nxh2 16. Bg3 Nxf1 17. Qxf1 g6 18. Kg2 Qe7 19. Qh1 Bd7 20. Qh6 Qf8
21. Qh2 Be7 22. Rh1 Qf7 23. Nf4 Bf6 24. Bh4 Bxd4 25. Nh3 Rc8 26. Ng5 Qg7 27. Bg3 h5 28. Re1 e5 29. Bb5 Nb4 30. Bxd7 Qxd7
31. Bxe5 Nd3
0-1

[Event "2015: The Year Of Dogecoin"]
[Site "SchemingMind.com"]
[Date "2014.12.19"]
[Round "-"]
[White "emvarela"]
[Black "pcmvr"]
[Result "0-1"]
[WhiteCountry "ARG"]
[BlackCountry "NED"]
[WhiteElo "1679"]
[WhiteRD "50"]
[BlackElo "2457"]
[BlackRD "117"]
[GameID "371521"]

1. e4 e6 2. d4 d5 3. Nc3 Nf6 4. e5 Nfd7 5. f4 c5 6. dxc5 Nc6 7. Nf3 Bxc5 8. Bd3 a6 9. a3 f6 10. Qe2 O-O
11. Bd2 fxe5 12. fxe5 Nd4 13. Nxd4 Qh4+ 14. g3 Qxd4 15. O-O-O Qxe5 16. Qxe5 Nxe5 17. Bf4 Nxd3+ 18. Rxd3 Bd7 19. Ne4 Ba7 20. Nd6 Bc6
21. Re1 Rad8 22. Rxe6 Bb8 23. b4 Rxf4 24. gxf4 Bxd6 25. f5 Bxh2 26. c4 h5 27. cxd5 Rxd5 28. Rxd5 Bxd5 29. Re2 Bf4+ 30. Kc2 h4
0-1

[Event "2015: The Year Of Dogecoin"]
[Site "SchemingMind.com"]
[Date "2014.12.18"]
[Round "-"]
[White "smothered mate"]
[Black "emvarela"]
[Result "1-0"]
[WhiteCountry "POL"]
[BlackCountry "ARG"]
[WhiteElo "1845"]
[WhiteRD "69"]
[BlackElo "1673"]
[BlackRD "49"]
[GameID "371522"]

1. e4 e5 2. Nf3 Nc6 3. Bc4 Bc5 4. b4 Bb6 5. c3 d6 6. O-O Bg4 7. Qb3 Qf6 8. Ne1 Be6 9. Bxe6 Qxe6 10. d3 Qxb3
11. axb3 Nf6 12. Be3 Bxe3 13. fxe3 b5 14. Na3 Rb8 15. Nac2 O-O 16. Ra6 Rb6 17. Ra2 d5 18. Rxf6 gxf6 19. exd5 Ne7 20. e4 a6
21. c4 bxc4 22. bxc4 f5 23. c5 Rg6 24. Ne3 fxe4 25. dxe4 f5 26. Nf3 fxe4 27. Nxe5 Rg5 28. Nd7 Rd8 29. Nf6+ Kg7 30. h4 Rg3
31. Nh5+ Kg6 32. Nxg3 Nxd5 33. Rxa6+
1-0

[Event "2015: The Year Of Dogecoin"]
[Site "SchemingMind.com"]
[Date "2014.12.18"]
[Round "-"]
[White "Scooter"]
[Black "emvarela"]
[Result "1/2-1/2"]
[WhiteCountry "USA"]
[BlackCountry "ARG"]
[WhiteElo "1731"]
[WhiteRD "44"]
[BlackElo "1693"]
[BlackRD "51"]
[GameID "371523"]

1. d4 d5 2. Nf3 Nf6 3. Bf4 e6 4. e3 Bd6 5. Bxd6 Qxd6 6. c3 O-O 7. Be2 b6 8. O-O a5 9. Nbd2 Ba6 10. Bxa6 Nxa6
11. Re1 c5 12. Ne5 cxd4 13. cxd4 Nd7 14. Ndf3 Nxe5 15. Nxe5 f6 16. Nf3 Rfc8 17. Rc1 Rxc1 18. Qxc1 Nb4 19. Qb1 Rc8 20. a3 Nc6
21. Rc1 Na7 22. Rxc8+ Nxc8= 23. Qc2 Ne7 24. Nd2 Qc6 25. Qxc6 Nxc6 26. Kf1 Kf7 27. Ke2 e5 28. dxe5=
1/2-1/2

[Event "2015: The Year Of Dogecoin"]
[Site "SchemingMind.com"]
[Date "2014.12.18"]
[Round "-"]
[White "John Hamer"]
[Black "emvarela"]
[Result "1/2-1/2"]
[WhiteCountry "ENG"]
[BlackCountry "ARG"]
[WhiteElo "2053"]
[WhiteRD "58"]
[BlackElo "1693"]
[BlackRD "51"]
[GameID "371524"]

1. d4 Nf6 2. c4 e6 3. Nc3 Bb4 4. Qc2 d5 5. Nf3 Nc6 6. Bg5 h6 7. Bh4 Bxc3+ 8. Qxc3 Bd7 9. e3 O-O 10. Bd3 g5
11. Bg3 dxc4 12. Qxc4 Nd5 13. O-O Nb6 14. Qc5 Rc8 15. Rac1 Qe7 16. Qc3 Nd5 17. Qc2 Ndb4 18. Qb3=
1/2-1/2

[Event "2015: The Year Of Dogecoin"]
[Site "SchemingMind.com"]
[Date "2014.12.21"]
[Round "-"]
[White "emvarela"]
[Black "eun77"]
[Result "1-0"]
[WhiteCountry "ARG"]
[BlackCountry "ISR"]
[WhiteElo "1679"]
[WhiteRD "50"]
[BlackElo "1264"]
[BlackRD "56"]
[GameID "371525"]

1. e4 e5 2. Nf3 d6 3. d4 Be7 4. dxe5 dxe5 5. Qxd8+ Bxd8 6. Nxe5 Nf6 7. Nc3 c6 8. Bc4 O-O 9. O-O Be6 10. Bxe6 fxe6
11. Bg5 h6 12. Bxf6 Bxf6 13. Nd3 Bxc3 14. bxc3 Na6 15. f4
1-0

[Event "2015: The Year Of Dogecoin"]
[Site "SchemingMind.com"]
[Date "2014.12.18"]
[Round "-"]
[White "emvarela"]
[Black "bobbassbone"]
[Result "1-0"]
[WhiteCountry "ARG"]
[BlackCountry "ENG"]
[WhiteElo "1660"]
[WhiteRD "50"]
[BlackElo "1598"]
[BlackRD "64"]
[GameID "371526"]

1. e4 c6 2. d4 d5 3. Nc3 dxe4 4. Nxe4 Bf5 5. Ng3 Bg6 6. Nf3 h6 7. h4 e6 8. h5 Bh7 9. Bd3 Bxd3 10. Qxd3 Bd6
11. Ne4 Be7 12. Bf4 Nf6 13. Nxf6+ Bxf6 14. O-O-O Nd7 15. Ne5 Nxe5 16. dxe5 Bg5 17. Bxg5 Qxg5+ 18. Kb1 Qxe5 19. Rhe1 Qf6 20. Qd7+ Kf8
21. Qxb7 Rd8 22. Qxa7 Kg8 23. Qc7 Kh7 24. Qxc6 Rc8 25. Qe4+ Kg8 26. Rd7 Rb8 27. Rb7 Rxb7 28. Qxb7 Qxf2 29. Qe4 Qg3 30. Rd1 Qb8
31. Rd7 Qb6 32. b3 f6 33. Qg6
1-0

[Event "2015: The Year Of Dogecoin"]
[Site "SchemingMind.com"]
[Date "2014.12.18"]
[Round "-"]
[White "emvarela"]
[Black "Stephen Woodhouse"]
[Result "0-1"]
[WhiteCountry "ARG"]
[BlackCountry "ENG"]
[WhiteElo "1693"]
[WhiteRD "51"]
[BlackElo "1883"]
[BlackRD "48"]
[GameID "371527"]

1. e4 e6 2. d4 d5 3. Nc3 Nf6 4. e5 Nfd7 5. f4 c5 6. dxc5 Bxc5 7. Bb5 O-O 8. Bxd7 Bxd7 9. Nf3 Nc6 10. a3 Qb6
11. b4 Be7 12. Qd3 a6 13. Be3 Qc7 14. O-O Rac8 15. Ne2 Na7 16. Ned4 Nb5 17. Rfc1 Nxd4 18. Nxd4 Qc3 19. Qxc3 Rxc3 20. Kf2 Rfc8
21. Bd2 R3c4 22. c3 f6 23. Nb3 fxe5 24. fxe5 Rf8+ 25. Ke2 Re4+ 26. Kd3 Rxe5 27. Rf1 Rxf1 28. Rxf1 Bb5+
0-1

[Event "2015: The Year Of Dogecoin"]
[Site "SchemingMind.com"]
[Date "2014.12.25"]
[Round "-"]
[White "pcmvr"]
[Black "ray winteringham"]
[Result "1-0"]
[WhiteCountry "NED"]
[BlackCountry "ENG"]
[WhiteElo "2400"]
[WhiteRD "167"]
[BlackElo "1478"]
[BlackRD "50"]
[GameID "371826"]

1. b4 e5 2. Bb2 d6 3. c4 Be6 4. e3 Be7 5. Nf3 h6 6. d4 exd4 7. Nxd4 Nf6 8. Nxe6 fxe6 9. Be2 O-O 10. O-O d5
11. Bg4 Qd6 12. Nc3 c6 13. Bh3 Kh8 14. Ne2 Qxb4 15. Rb1 Qd6 16. Nf4 Kh7 17. Bxe6 g5 18. Qd3+ Kg7 19. Qg6+
1-0

[Event "2015: The Year Of Dogecoin"]
[Site "SchemingMind.com"]
[Date "2014.12.25"]
[Round "-"]
[White "ray winteringham"]
[Black "smothered mate"]
[Result "0-1"]
[WhiteCountry "ENG"]
[BlackCountry "POL"]
[WhiteElo "1478"]
[WhiteRD "50"]
[BlackElo "1962"]
[BlackRD "66"]
[GameID "371827"]

1. e4 c5 2. Nf3 d6 3. h3 Nc6 4. Bc4 Nf6 5. d3 e6 6. Bg5 Be7 7. Nc3 h6 8. Bh4 a6 9. O-O b5 10. Bb3 Bb7
11. Ne2 g5 12. Bg3 g4 13. hxg4 Nxg4 14. Nh2 h5 15. Nxg4 hxg4 16. Nf4 Ne5 17. c3 Bg5 18. Bxe6 Bxf4 19. Bxf7+ Kxf7 20. Bxf4 Nf3+
21. gxf3 Qh4
0-1

[Event "2015: The Year Of Dogecoin"]
[Site "SchemingMind.com"]
[Date "2014.12.25"]
[Round "-"]
[White "ray winteringham"]
[Black "Scooter"]
[Result "0-1"]
[WhiteCountry "ENG"]
[BlackCountry "USA"]
[WhiteElo "1478"]
[WhiteRD "50"]
[BlackElo "1778"]
[BlackRD "45"]
[GameID "371828"]

1. e4 c6 2. d4 d5 3. Nc3 dxe4 4. Nxe4 Bf5 5. f3 e6 6. c3 Nd7 7. Bd3 Bxe4 8. Bxe4 Ngf6 9. Bg5 Be7 10. Ne2 Nxe4
11. Be3 Nef6 12. O-O O-O 13. Qc2 Nd5 14. Bf2 c5 15. Rad1 cxd4 16. Nxd4 a6 17. Rd2 Rc8 18. Rfd1 Bg5 19. Rd3 Nb4 20. Qb3 Nxd3
21. Rxd3 Nc5 22. Nxe6 Qxd3 23. Nxg5 Qb1+
0-1

[Event "2015: The Year Of Dogecoin"]
[Site "SchemingMind.com"]
[Date "2014.12.25"]
[Round "-"]
[White "ray winteringham"]
[Black "John Hamer"]
[Result "0-1"]
[WhiteCountry "ENG"]
[BlackCountry "ENG"]
[WhiteElo "1478"]
[WhiteRD "50"]
[BlackElo "2062"]
[BlackRD "57"]
[GameID "371829"]

1. e4 e5 2. Nf3 Nc6 3. Bb5 Nf6 4. d3 Bc5 5. Bg5 h6 6. Bh4 a6 7. Bxc6 dxc6 8. Nxe5 Bd4 9. Nxf7 Kxf7 10. c3 Bb6
11. e5 Re8 12. d4 g5 13. Bg3 Kg7 14. O-O Ne4 15. Qf3 Nxg3 16. fxg3 Rxe5 17. Kh1 Rf5 18. Qe2 Qe8 19. Qd3 Qe4 20. Qd1 Qc2
21. Na3 Qxb2 22. Nc4 Qxc3 23. Ne5 Rxf1+ 24. Qxf1 Be6 25. Rd1 Bxd4 26. Nf3 Bc4 27. Qe1 Qxe1+ 28. Rxe1 Bb6 29. h4 Bxa2 30. hxg5 hxg5
31. Nxg5 Bd5 32. g4 Rh8+ 33. Nh3 Rxh3#
0-1